| 000 | 00000nam 2200000zi 4500 |
| 001 | 9.947246 |
| 003 | CaOODSP |
| 005 | 20250408135657 |
| 006 | m o d f |
| 007 | cr mn||||||||| |
| 008 | 250122t19971995oncab o f001 0 fre d |
| 020 | |z0660949342 |q(incorrect) |
| 040 | |aCaOODSP|bfre|erda|cCaOODSP |
| 043 | |an-cn--- |
| 086 | 1 |aT34-6/1-1995F-PDF|zT34-6/1-1995F|zT34-6-1-1995F |
| 245 | 00|aLivre des feux, des bouées et des signaux de brume : |beaux intérieures, y compris (à l'ouest de Montréal et à l'est de la Colombie-Britannique). |
| 246 | 14|aEaux intérieures : |blivre des feux, des bouées et des signaux de brume |
| 264 | 1|a[Ottawa] : |bGarde côtière canadienne, Services à la navigation maritime, |c[1997?] |
| 264 | 4|c©1995 |
| 300 | |a1 ressource en ligne (xvi, 233 pages) : |billustration, carte |
| 336 | |atexte|btxt|2rdacontent/fre |
| 337 | |ainformatique|bc|2rdamedia/fre |
| 338 | |aressource en ligne|bcr|2rdacarrier/fre |
| 500 | |a« Mise à jour - édition bimensuelle des avis aux navigateurs n° 4 de 1995. » |
| 500 | |a« TP 396 F » -- Couverture. |
| 500 | |aDispose un registre des corrections de 1995 à 1997, à la page i. |
| 500 | |aComprend un index. |
| 500 | |aÉdition numérisée de l'imprimée [par Direction des publications du gouvernement du Canada]. |
| 650 | 6|aAides à la navigation|zCanada|vListes. |
| 650 | 0|aAids to navigation|zCanada|vLists. |
| 710 | 2 |aGarde côtière canadienne. |bDirection des services à la navigation maritime, |eorganisme de publication. |
| 856 | 40|qPDF|s11.10 Mo|uhttps://publications.gc.ca/collections/collection_2025/mpo-dfo/T34-6-1-1995-fra.pdf |